PHYSICAL REHABILITATION (Record no. 8379)

MARC details
000 -LEADER
fixed length control field 00451nam a22001817a 4500
005 - DATE AND TIME OF LATEST TRANSACTION
control field 20230821104512.0
008 - FIXED-LENGTH DATA ELEMENTS--GENERAL INFORMATION
fixed length control field 230817b |||||||| |||| 00| 0 eng d
020 ## - INTERNATIONAL STANDARD BOOK NUMBER
ISBN 978-93-5270-987-8
041 ## - LANGUAGE CODE
Language code of text/sound track or separate title eng
082 ## - DEWEY DECIMAL CLASSIFICATION NUMBER
Classification number 615.8 OSU-P
100 ## - MAIN ENTRY--AUTHOR NAME
Personal name O'SULLIVAN, SUSAN B. AND SCHMITZ, THOMAS.J
245 ## - TITLE STATEMENT
Title PHYSICAL REHABILITATION
250 ## - EDITION STATEMENT
Edition statement 7TH, ED.
260 ## - PUBLICATION, DISTRIBUTION, ETC. (IMPRINT)
Place of publication F. A. DAVIS COMPANY
300 ## - PHYSICAL DESCRIPTION
Number of Pages 1476;p
650 ## - SUBJECT ADDED ENTRY--TOPICAL TERM
Topical Term BPT
942 ## - ADDED ENTRY ELEMENTS (KOHA)
Koha item type Books
Holdings
Lost status Damaged status Collection code Home library Current library Shelving location Date acquired Source of acquisition Cost, normal purchase price Full call number Accession Number Koha item type
    Reference JRU Library JRU Library SHELF-20-A 05/08/2023 PURCHASE 2895.00 615.8 27860 Books
    PHYSIOTHERAPY JRU Library JRU Library SHELF-20-A 05/08/2023 PURCHASE 2895.00 615.8 27861 Books
    PHYSIOTHERAPY JRU Library JRU Library SHELF-20-A 05/08/2023 PURCHASE 2895.00 615.8 27862 Books
    PHYSIOTHERAPY JRU Library JRU Library SHELF-20-A 05/08/2023 PURCHASE 2895.00 615.8 27863 Books
    PHYSIOTHERAPY JRU Library JRU Library SHELF-20-A 05/08/2023 PURCHASE 2895.00 615.8 27864 Books
    PHYSIOTHERAPY JRU Library JRU Library SHELF-20-A 05/08/2023 PURCHASE 2895.00 615.8 27880 Books
    PHYSIOTHERAPY JRU Library JRU Library SHELF-20-A 05/08/2023 PURCHASE 2895.00 615.8 27881 Books
    PHYSIOTHERAPY JRU Library JRU Library SHELF-20-A 05/08/2023 PURCHASE 2895.00 615.8 27882 Books